Ing. Július Letňan kytica spomienok k nedožitým šesťdesiatinám

Bibliographic Details
Main Author: Demo, Ondrej, 1927-2020 (Author)
Format: Article
Language:Slovak
Subjects:

MARC

LEADER 00000nab a2200000 ar4500
001 vtls010078018
003 SK-MaSNL
005 20260303234243.0
008 100322c1974 xo |r|p|||||||000 b|slo
015 |a SNBRB1974 
038 |a SNKBUCL 
040 |a SNKBUCL  |b slo  |c SNKBUCL  |e AACR2 
041 |a slo 
044 |a xo  |c SK 
080 |a 78.071.2  |2 1997 
100 1 |a Demo, Ondrej,  |d 1927-2020  |4 aut  |9 220417 
245 1 0 |a Ing. Július Letňan  |b kytica spomienok k nedožitým šesťdesiatinám  |c Ondrej Demo 
600 1 7 |a Letňan, Július,  |d 1914-1973  |2 snkbucl  |9 56038 
655 7 |a profily  |2 snkbucl  |9 341977 
773 0 |t Rytmus  |g Č. 12 (1974), s. 8 
852 |a SNK  |b KIS3GCP 
958 |a BX 
999 |c 2520002  |d 2521932